<?xml version="1.0" encoding="UTF-8"?>
<record
    xmlns:xsi="http://www.w3.org/2001/XMLSchema-instance"
    xsi:schemaLocation="http://www.loc.gov/MARC21/slim http://www.loc.gov/standards/marcxml/schema/MARC21slim.xsd"
    xmlns="http://www.loc.gov/MARC21/slim">

  <leader>00398nam a22001697a 4500</leader>
  <controlfield tag="003">OSt</controlfield>
  <controlfield tag="005">20251027113411.0</controlfield>
  <controlfield tag="007">666 pages</controlfield>
  <controlfield tag="008">251027b        |||||||| |||| 00| 0 eng d</controlfield>
  <datafield tag="020" ind1=" " ind2=" ">
    <subfield code="a">9780190124113</subfield>
  </datafield>
  <datafield tag="040" ind1=" " ind2=" ">
    <subfield code="c"> </subfield>
  </datafield>
  <datafield tag="082" ind1=" " ind2=" ">
    <subfield code="2">2</subfield>
    <subfield code="a">621.3</subfield>
    <subfield code="b">PAT</subfield>
  </datafield>
  <datafield tag="245" ind1=" " ind2=" ">
    <subfield code="a">Basic Electrical Engineering</subfield>
    <subfield code="c">Patil,B.R</subfield>
  </datafield>
  <datafield tag="250" ind1=" " ind2=" ">
    <subfield code="a">2</subfield>
  </datafield>
  <datafield tag="260" ind1=" " ind2=" ">
    <subfield code="b">Oxford</subfield>
    <subfield code="c">2019</subfield>
  </datafield>
  <datafield tag="942" ind1=" " ind2=" ">
    <subfield code="2">ddc</subfield>
    <subfield code="c">BK</subfield>
    <subfield code="e">2</subfield>
    <subfield code="k">621.3</subfield>
    <subfield code="m">PAT</subfield>
    <subfield code="n">0</subfield>
  </datafield>
  <datafield tag="999" ind1=" " ind2=" ">
    <subfield code="c">36269</subfield>
    <subfield code="d">36269</subfield>
  </datafield>
  <datafield tag="952" ind1=" " ind2=" ">
    <subfield code="0">0</subfield>
    <subfield code="1">0</subfield>
    <subfield code="2">ddc</subfield>
    <subfield code="4">0</subfield>
    <subfield code="7">0</subfield>
    <subfield code="8">ECS</subfield>
    <subfield code="a">CRCE</subfield>
    <subfield code="b">CRCE</subfield>
    <subfield code="d">2025-10-27</subfield>
    <subfield code="g">615.00</subfield>
    <subfield code="i">AO/25/09/434 dt 19.09.2025</subfield>
    <subfield code="l">5</subfield>
    <subfield code="m">1</subfield>
    <subfield code="o">621.3/PAT</subfield>
    <subfield code="p">26939</subfield>
    <subfield code="r">2026-05-13</subfield>
    <subfield code="s">2026-04-20</subfield>
    <subfield code="w">2025-10-27</subfield>
    <subfield code="y">BK</subfield>
  </datafield>
  <datafield tag="952" ind1=" " ind2=" ">
    <subfield code="0">0</subfield>
    <subfield code="1">0</subfield>
    <subfield code="2">ddc</subfield>
    <subfield code="4">0</subfield>
    <subfield code="7">0</subfield>
    <subfield code="8">ECS</subfield>
    <subfield code="a">CRCE</subfield>
    <subfield code="b">CRCE</subfield>
    <subfield code="d">2025-10-27</subfield>
    <subfield code="g">615.00</subfield>
    <subfield code="i">AO/25/09/434 dt 19.09.2025</subfield>
    <subfield code="l">4</subfield>
    <subfield code="m">1</subfield>
    <subfield code="o">621.3/PAT</subfield>
    <subfield code="p">26940</subfield>
    <subfield code="r">2026-05-13</subfield>
    <subfield code="s">2026-04-20</subfield>
    <subfield code="w">2025-10-27</subfield>
    <subfield code="y">BK</subfield>
  </datafield>
  <datafield tag="952" ind1=" " ind2=" ">
    <subfield code="0">0</subfield>
    <subfield code="1">0</subfield>
    <subfield code="2">ddc</subfield>
    <subfield code="4">0</subfield>
    <subfield code="7">0</subfield>
    <subfield code="8">ECS</subfield>
    <subfield code="a">CRCE</subfield>
    <subfield code="b">428</subfield>
    <subfield code="d">2025-10-27</subfield>
    <subfield code="g">615.00</subfield>
    <subfield code="i">AO/25/09/434 dt 19.09.2025</subfield>
    <subfield code="l">2</subfield>
    <subfield code="m">1</subfield>
    <subfield code="o">621.3/PAT</subfield>
    <subfield code="p">26941</subfield>
    <subfield code="q">2026-05-08</subfield>
    <subfield code="r">2026-02-07</subfield>
    <subfield code="s">2026-02-07</subfield>
    <subfield code="w">2025-10-27</subfield>
    <subfield code="y">BK</subfield>
  </datafield>
  <datafield tag="952" ind1=" " ind2=" ">
    <subfield code="0">0</subfield>
    <subfield code="1">0</subfield>
    <subfield code="2">ddc</subfield>
    <subfield code="4">0</subfield>
    <subfield code="7">0</subfield>
    <subfield code="8">ECS</subfield>
    <subfield code="a">CRCE</subfield>
    <subfield code="b">CRCE</subfield>
    <subfield code="d">2025-10-27</subfield>
    <subfield code="g">615.00</subfield>
    <subfield code="i">AO/25/09/434 dt 19.09.2025</subfield>
    <subfield code="l">3</subfield>
    <subfield code="m">2</subfield>
    <subfield code="o">621.3/PAT</subfield>
    <subfield code="p">26942</subfield>
    <subfield code="r">2026-05-13</subfield>
    <subfield code="s">2026-03-16</subfield>
    <subfield code="w">2025-10-27</subfield>
    <subfield code="y">BK</subfield>
  </datafield>
  <datafield tag="952" ind1=" " ind2=" ">
    <subfield code="0">0</subfield>
    <subfield code="1">0</subfield>
    <subfield code="2">ddc</subfield>
    <subfield code="4">0</subfield>
    <subfield code="7">0</subfield>
    <subfield code="8">ECS</subfield>
    <subfield code="a">CRCE</subfield>
    <subfield code="b">CRCE</subfield>
    <subfield code="d">2025-10-27</subfield>
    <subfield code="g">615.00</subfield>
    <subfield code="i">AO/25/09/434 dt 19.09.2025</subfield>
    <subfield code="l">5</subfield>
    <subfield code="m">2</subfield>
    <subfield code="o">621.3/PAT</subfield>
    <subfield code="p">26943</subfield>
    <subfield code="r">2026-05-25</subfield>
    <subfield code="s">2026-04-17</subfield>
    <subfield code="w">2025-10-27</subfield>
    <subfield code="y">BK</subfield>
  </datafield>
  <datafield tag="952" ind1=" " ind2=" ">
    <subfield code="0">0</subfield>
    <subfield code="1">0</subfield>
    <subfield code="2">ddc</subfield>
    <subfield code="4">0</subfield>
    <subfield code="7">0</subfield>
    <subfield code="8">ECS</subfield>
    <subfield code="a">CRCE</subfield>
    <subfield code="b">CRCE</subfield>
    <subfield code="d">2025-10-27</subfield>
    <subfield code="g">615.00</subfield>
    <subfield code="i">AO/25/09/434 dt 19.09.2025</subfield>
    <subfield code="l">2</subfield>
    <subfield code="o">621.3/PAT</subfield>
    <subfield code="p">26944</subfield>
    <subfield code="r">2026-05-13</subfield>
    <subfield code="s">2026-02-27</subfield>
    <subfield code="w">2025-10-27</subfield>
    <subfield code="y">BK</subfield>
  </datafield>
  <datafield tag="952" ind1=" " ind2=" ">
    <subfield code="0">0</subfield>
    <subfield code="1">0</subfield>
    <subfield code="2">ddc</subfield>
    <subfield code="4">0</subfield>
    <subfield code="7">0</subfield>
    <subfield code="8">ECS</subfield>
    <subfield code="a">CRCE</subfield>
    <subfield code="b">CRCE</subfield>
    <subfield code="d">2025-10-27</subfield>
    <subfield code="g">615.00</subfield>
    <subfield code="i">AO/25/09/434 dt 19.09.2025</subfield>
    <subfield code="l">5</subfield>
    <subfield code="o">621.3/PAT</subfield>
    <subfield code="p">26945</subfield>
    <subfield code="r">2026-05-13</subfield>
    <subfield code="s">2026-04-17</subfield>
    <subfield code="w">2025-10-27</subfield>
    <subfield code="y">BK</subfield>
  </datafield>
  <datafield tag="952" ind1=" " ind2=" ">
    <subfield code="0">0</subfield>
    <subfield code="1">0</subfield>
    <subfield code="2">ddc</subfield>
    <subfield code="4">0</subfield>
    <subfield code="7">0</subfield>
    <subfield code="8">ECS</subfield>
    <subfield code="a">CRCE</subfield>
    <subfield code="b">CRCE</subfield>
    <subfield code="d">2025-10-27</subfield>
    <subfield code="g">615.00</subfield>
    <subfield code="i">AO/25/09/434 dt 19.09.2025</subfield>
    <subfield code="l">1</subfield>
    <subfield code="o">621.3/PAT</subfield>
    <subfield code="p">26946</subfield>
    <subfield code="r">2026-05-13</subfield>
    <subfield code="s">2026-01-13</subfield>
    <subfield code="w">2025-10-27</subfield>
    <subfield code="y">BK</subfield>
  </datafield>
  <datafield tag="952" ind1=" " ind2=" ">
    <subfield code="0">0</subfield>
    <subfield code="1">0</subfield>
    <subfield code="2">ddc</subfield>
    <subfield code="4">0</subfield>
    <subfield code="7">0</subfield>
    <subfield code="8">ECS</subfield>
    <subfield code="a">CRCE</subfield>
    <subfield code="b">CRCE</subfield>
    <subfield code="d">2025-10-27</subfield>
    <subfield code="g">615.00</subfield>
    <subfield code="i">AO/25/09/434 dt 19.09.2025</subfield>
    <subfield code="l">2</subfield>
    <subfield code="o">621.3/PAT</subfield>
    <subfield code="p">26947</subfield>
    <subfield code="r">2026-05-13</subfield>
    <subfield code="s">2026-01-16</subfield>
    <subfield code="w">2025-10-27</subfield>
    <subfield code="y">BK</subfield>
  </datafield>
  <datafield tag="952" ind1=" " ind2=" ">
    <subfield code="0">0</subfield>
    <subfield code="1">0</subfield>
    <subfield code="2">ddc</subfield>
    <subfield code="4">0</subfield>
    <subfield code="7">0</subfield>
    <subfield code="8">ECS</subfield>
    <subfield code="a">CRCE</subfield>
    <subfield code="b">CRCE</subfield>
    <subfield code="d">2025-10-27</subfield>
    <subfield code="g">615.00</subfield>
    <subfield code="i">AO/25/09/434 dt 19.09.2025</subfield>
    <subfield code="l">4</subfield>
    <subfield code="o">621.3/PAT</subfield>
    <subfield code="p">26948</subfield>
    <subfield code="r">2026-05-13</subfield>
    <subfield code="s">2026-04-17</subfield>
    <subfield code="w">2025-10-27</subfield>
    <subfield code="y">BK</subfield>
  </datafield>
</record>
